Islandská republika

Atlas peňazí sveta. Charakteristika Islandskej republiky: štátne zriadenie, prírodné podmienky, hospodárstvo, menové informácie, história krajiny, história meny. Motívy islandských bankoviek.

Enregistré dans:
Détails bibliographiques
Auteur principal: Schlosser, Gabriel
Format: Chapitre de livre
Langue:slovaque
Sujets:
Tags: Ajouter un tag
Pas de tags, Soyez le premier à ajouter un tag!

MARC

LEADER 00000naa a2200000 4500
001 r034191
005 20221129101852.1
041 0 |a slo 
044 |a SK 
245 1 0 |a Islandská republika  |c Gabriel Schlosser 
520 |a Atlas peňazí sveta. Charakteristika Islandskej republiky: štátne zriadenie, prírodné podmienky, hospodárstvo, menové informácie, história krajiny, história meny. Motívy islandských bankoviek. 
610 2 0 |a mena 
610 2 0 |a Island 
610 2 0 |a hospodárstvo národné 
610 2 0 |a podmienky prírodné 
610 2 0 |a štát 
610 2 0 |a história 
610 2 0 |a peniaze 
610 2 0 |a bankovky 
610 2 0 |a koruna 
100 1 |a Schlosser, Gabriel